=LDR 00000nam 2200000 4500 =001 NUTBA000000000003675 =005 20140825111234.0 =006 =007 =008 =020 ##$$a 978-979-29-1349-1 =035 ##$$a 0010-081400000000520 =040 ##$$a NBPDMAT =090 ##$$a 372.7 $b Par p =100 ##$$a Pardiyono =245 ##$$a Prestasi bisa ! Matematika pasti lulus UASBN untuk SD klas VI/ $c Pardiyono; editor, Westriningsih =260 ##$$a Yogyakarta : $b Andi, $c 2010 =300 ##$$a x, 179 hlm. : $b ilus. ; $c 23 cm. =650 ##$$a Matematika - SD - AUSBN =700 ##$$a Westriningsih =850 ##$$a NBPDMAT =990 ##$$a 21404457 =990 ##$$a 0001/BPAP-NTB/20142014